| 000 | 00798nam a22002417a 4500 | ||
|---|---|---|---|
| 001 | 9917 | ||
| 003 | BD-RjUL | ||
| 005 | 20211208234850.0 | ||
| 008 | 140122b1981 n ||||| |||| 00| 0 eng d | ||
| 020 | _a0256021244 | ||
| 035 | _a(BD-RjUL)9963 | ||
| 040 |
_aBD-RjUL _beng _cBD-RjUL _dBD-RjUL |
||
| 041 | _aeng | ||
| 082 | 0 | 4 |
_a001.6424 _bBRP 1981 |
| 100 | 1 |
_a Brady,Allan H _930652 |
|
| 245 | 1 | 0 |
_aprogrammed learning aid for Basic programming language _c Allen H. Brady, James T. Richardson; coordinating editor, Roger H. Hermanson. |
| 260 |
_a Homewood; _a Ill. : _bR.D. Irwin, _c1981 |
||
| 300 | 2 |
_a93p.: _c24 cm. |
|
| 504 | _aincludes index | ||
| 650 | 0 |
_a BASIC (Computer program language) -- Programmed instruction. _930653 |
|
| 700 |
_aRichardson,James T _930654 |
||
| 942 |
_2ddc _cBK |
||
| 999 |
_c9917 _d9917 |
||